| 000 | 00774nam a2200241 a 4500 | ||
|---|---|---|---|
| 001 | 73333 | ||
| 003 | BD-RjUL | ||
| 005 | 20211209082401.0 | ||
| 008 | 170314s1915 ii a|||| |||| 001 0 eng d | ||
| 020 | _c: Rs. 150.00 | ||
| 035 | _a(BD-RjUL)73551 | ||
| 040 |
_aBD-RjUL _beng _cBD-RjUL _dBD-RjUL |
||
| 041 | _aeng | ||
| 082 |
_223 _a591.0954 _bFAU 1914 |
||
| 245 | 1 | 5 |
_aThe Fauna of British India : _bincluding Ceylon and Burma / _cEdited by A. E. Shipley |
| 260 |
_aNew Delhi : _bToday and Tomrrows Printers and Publisher, _c1914 |
||
| 300 |
_aV. : _bill. ; _c24 cm. |
||
| 504 | _aIncludes bibliographies and index. | ||
| 505 | 0 | _a v. 2. mollusca (trochomorphidae-janellidae) | |
| 650 |
_aZoology _x India _9195509 |
||
| 700 |
_aShipley, A. E. _9195510 |
||
| 942 |
_2ddc _cBK |
||
| 999 |
_c73333 _d73333 |
||